|
|
|
|
| LEADER |
00000nam a2200000 a 4500 |
| 001 |
vtls008954551 |
| 003 |
SK-MaSNL |
| 005 |
20260302005142.0 |
| 008 |
251029s2006 gw ab n 001 0 ger |
| 015 |
|
|
|a SNBZSA2007-00463
|
| 020 |
|
|
|a 3631550197 (brož.)
|
| 035 |
|
|
|a D093E6C9-B65D-4A85-952D-90FE5AF56494
|
| 035 |
|
|
|a urn:nbn:sk:snk-amlftk
|
| 035 |
|
|
|a urn:nbn:sk:snk-am009445
|
| 040 |
|
|
|a SNK
|b slo
|c SNK
|e AACR2
|
| 041 |
0 |
|
|a ger
|
| 043 |
|
|
|a et-----
|
| 044 |
|
|
|a gw
|c DE
|
| 072 |
|
7 |
|a 72
|x Architektúra
|2 konspekt
|
| 080 |
|
|
|a 72:904
|x (4-191.2)
|x (082)
|2 2001
|
| 080 |
|
|
|a 72.025.3
|x (4-191.2)
|x (082)
|2 2001
|
| 245 |
0 |
0 |
|a Architekturgeschichte und kulturelles Erbe - Aspekte der Baudenkmalpflege in Ostmitteleuropa
|c Beate Störtkuhl (Hrsg.)
|
| 260 |
|
|
|a Frankfurt am Main
|b Peter Lang
|c c2006
|
| 300 |
|
|
|a 350 s.
|b ilustr., mp.
|c 21 cm
|
| 490 |
1 |
|
|a Mitteleuropa - Osteuropa
|v Bd. 8
|
| 500 |
|
|
|a Obsahuje aj: Schloßdebatte auf Slowakisch / Dušan Buran
|
| 504 |
|
|
|a Bibliogr. odkazy. Reg.
|
| 650 |
0 |
7 |
|a kultúrne dedičstvo
|2 snkph
|9 4195
|
| 650 |
0 |
7 |
|a architektonické pamiatky
|2 snkph
|9 28990
|
| 650 |
0 |
7 |
|a pamiatková starostlivosť
|2 snkph
|9 2863
|
| 651 |
|
7 |
|a Európa stredná
|2 snkph
|9 23970
|
| 655 |
|
7 |
|a zborníky
|2 snkph
|9 70165
|
| 700 |
1 |
|
|a Buran, Dušan,
|d 1969-
|t Schloßdebatte auf Slowakisch
|9 646183
|
| 700 |
1 |
|
|a Störtkuhl, Beate
|4 edt
|9 646184
|
| 830 |
|
0 |
|a Mitteleuropa - Osteuropa
|9 323906
|
| 919 |
|
|
|a 3-631-55019-7
|
| 958 |
|
|
|a ZS
|
| 999 |
|
|
|c 998485
|d 1000415
|
| 952 |
|
|
|a SNK
|b SNK
|y PREZ
|7 0
|p 17A0544720
|o snkSC 127448
|i snk2007/9170
|8 2
|g 68.38
|0 0
|1 0
|4 0
|d 2007-03-13
|f 1
|l 0
|r 2025-06-16 00:00:00
|w 2026-02-24
|